Alyson Hannigan Filmography - Statistics

General Stats
  • This quiz has been taken 15 times
    4 since last reset
  • The average score is 20 of 92
Answer Stats
Type Year Name % Correct
TV Show 2005-2014 How I Met Your Mother
100%
Film 1999 American Pie
67%
Film 2012 American Reunion
67%
TV Show 1997-2003 Buffy the Vampire Slayer
67%
Video Game 2002 Buffy the Vampire Slayer
67%
TV Show 1999, 2000 100 Deeds for Eddie McDowd
33%
TV Film 2019 Abducted: The Mary Stauffer Story
33%
TV Show 1993 Almost Home
33%
TV Show 2011, 2013, 2023 American Dad!
33%
Film 2001 American Pie 2
33%
Film 2003 American Wedding
33%
TV Show 2001, 2003 Angel
33%
TV Show 2024 Beat Bobby Flay
33%
Film 2000 Boys and Girls
33%
TV Show 2023-2024 Dancing with the Stars
33%
Film 2006 Date Movie
33%
Film 1998 Dead Man on Campus
33%
Web Series 2023 Doogie Kamealoha, M.D.
33%
Film 2016 Do You Take This Man
33%
TV Show 2018-2022 Fancy Nancy
33%
Film 2006 Farce of the Penguins
33%
Film 2021 Flora & Ulysses
33%
TV Show 2010 Food Network Challenge
33%
TV Film 1996 For My Daughter's Honor
33%
TV Show 1989-1990 Free Spirit
33%
TV Show 2020 Girl Scout Cookie Championship
33%
TV Film 1999 Hayley Wagner, Star
33%
Film 1986 Impure Thoughts
33%
TV Film 2019 Kim Possible
33%
TV Show 2004 King of the Hill
33%
Film 2011 Love, Wedding, Marriage
33%
TV Show 2021 Martha Gets Down and Dirty
33%
TV Film 2023 Office Race
33%
TV Show 2020 Outmatched
33%
TV Show 2020-2021 Outrageous Pumpkins
33%
TV Show 2016-2023 Penn & Teller: Fool Us
33%
TV Show 1996 Picket Fences
33%
TV Show 2019 Pure
33%
Film 2001 Rip It Off
33%
TV Show 2011, 2018 Robot Chicken
33%
TV Show 1990 Roseanne
33%
TV Show 2002, 2003 Rugrats
33%
TV Show 2014 Sofia the First
33%
Film 2026 Solo Mio
33%
TV Mini-Series 1991 Switched at Birth
33%
TV Show 2004 That '70s Show
33%
TV Show 2009 The Goode Family
33%
TV Show 2014 The McCarthys
33%
TV Show 2011 The Simpsons
33%
TV Film 1995 The Stranger Beside Me
33%
TV Show 2000 The Wild Thornberrys
33%
TV Show 1994 Touched by an Angel
33%
TV Show 2005 Veronica Mars
33%
Theater 2004 When Harry Met Sally
33%
Film 2018 You Might Be the Killer
33%
TV Film 1996 A Case for Life
0%
TV Pilot 2004 Americana
0%
Documentary Series 2002 Backstory
0%
Documentary Series 2003 Biography
0%
TV Short 2004 Buffy the Vampire Slayer: The Animated Series
0%
TV Show 2001 Celebrity Adventures
0%
Film TBA Dodie & Cheryl Get Hitched
0%
Commercial 1978 Duncan Hines
0%
Web Series 2021 Earth to Ned
0%
TV Pilot 1996 Friends for Life
0%
TV Show 2009 Gordon Ramsay: Cookalong Live
0%
Commercial 2011-2012 Head & Shoulders
0%
Documentary Series 2021 History of the Sitcom
0%
TV Show 2013, 2016 Hollywood Game Night
0%
Documentary Series 2005 I Love the 80's 3-D
0%
TV Pilot 2004 In the Game
0%
TV Show 2006 Mad TV
0%
TV Pilot 2018 Man of the House
0%
Commercial 2009 MasterCard
0%
TV Show 2018 MasterChef Junior
0%
TV Pilot 2014 More Time with Family
0%
Commercial 1993 Mylanta
0%
Film 1988 My Stepfather Is an Alien
0%
Commercial 1978 Oreo
0%
TV Show 2003 Pepsi Smash
0%
Web Series 2025 Pop Culture Jeopardy!
0%
TV Special 2010 Stand Up to Cancer
0%
TV Show 2016 Star Plates
0%
TV Show 2000 TFI Friday
0%
TV Show 2019 The $100,000 Pyramid
0%
TV Special 2003 The Commies
0%
TV Pilot 2016 The First Wives Club
0%
TV Show 2018 The Gong Show
0%
Web Series 2009 Tit for Tat
0%
TV Show 2018 Top Chef Jr.
0%
TV Show 2023, 2024 Whose Line Is It Anyway?
0%
Music Video 1999 You Wanted More
0%
No matching quizzes found
Score Distribution
Percent of People with Each Score
Percentile by Number Answered
Your Score History
You have not taken this quiz since the last reset